MARC

LEADER 00000nam0a2200000 4500
001 48061
005 20231101211128.0
035 |a (RuTPU)RU\TPU\book\50255 
090 |a 48061 
100 |a 20030303d1972 k y0rusy50 ca 
101 1 |a rus  |c eng 
102 |a RU 
105 |a a z 001zy 
200 1 |a Современная теория автоматического управления и ее применение  |e пер. с англ.  |f Д. С. Сю, А. У. Мейер 
210 |a Москва  |c Машиностроение  |d 1972 
215 |a 552 с.  |c ил. 
320 |a Библиогр.: с. 531-541. 
320 |a Имен. и предм. указ.: с. 542-552. 
606 1 |a Автоматическое управление  |2 stltpush  |3 (RuTPU)RU\TPU\subj\943  |9 29748 
610 1 |a автоматика 
610 1 |a устойчивость 
610 1 |a оптимальные системы 
610 1 |a оптимальное управление 
610 1 |a вариационное исчисление 
610 1 |a максимум Понтрягина 
610 1 |a динамическое программирование 
610 1 |a применение 
675 |a 681.51  |v 3 
700 1 |a Сю  |b Д. С.  |g Джей С. 
701 1 |a Мейер  |b А. У.  |g Андрю У. 
801 1 |a RU  |b 63413507  |c 20030303  |g PSBO 
801 2 |a RU  |b 63413507  |c 20190410  |g PSBO 
942 |c BK